000
00244nam a22000857a 4500
008
160701b xxu||||| |||| 00| 0 eng d
100
_9
1743
_a
Kapur, J.N
245
_a
Mathematical Experiences
260
_a
New Delhi
_b
Mathematical Sciences Trust
_c
1993
999
_c
1449
_d
1449